[Event "Titled Tuesday intern op 28th Dec"]
[Site "Chess.com INT"]
[Date "2021.12.28"]
[Round "9"]
[White "Bayramov, Zaur"]
[Black "Rodchenkov, Sergey D"]
[Result "1/2-1/2"]
[WhiteElo "2357"]
[BlackElo "2346"]
[PlyCount "123"]
[EventDate "2021.12.28"]
[EventType "swiss (blitz)"]
[EventRounds "11"]
[EventCountry "USA"]
[SourceTitle "CBM 206 Extra"]
[Source "ChessBase"]
[SourceDate "2022.03.31"]
[SourceVersion "1"]
[SourceVersionDate "2022.03.31"]
[SourceQuality "1"]

1. b3 c5 2. Bb2 Nf6 3. e3 g6 4. f4 Bg7 5. Nf3 O-O 6. c4 b6 7. Be2 Bb7 8. O-O Nc6 9. Nc3 d5 10. cxd5 Nxd5 11. a3 Nxc3 12. Bxc3 Bxc3 13. dxc3 Qc7 14. Qc2 Rad8 15. Rad1 Rxd1 16. Rxd1 Rd8 17. Rxd8+ Qxd8 18. b4 Qd6 19. Qd2 Qxd2 20. Nxd2 cxb4 21. cxb4 e5 22. g3 Kf8 23. Bf3 exf4 24. gxf4 Ke7 25. Kf2 Nd8 26. e4 f6 27. Ke3 Nf7 28. h4 h6 29. Kd4 g5 30. fxg5 fxg5 31. hxg5 Nxg5 32. Bg4 Bc6 33. e5 Ne6+ 34. Ke3 Bd5 35. Nf1 a5 36. Ng3 axb4 37. axb4 Ng7 38. Kd4 Be6 39. Bf3 Kf7 40. Bd5 h5 41. Bxe6+ Kxe6 42. Ke4 h4 43. Ne2 Kd7 44. Nf4 Ne6 45. Nh3 Kc6 46. Kf5 Kd5 47. Kg4 Kxe5 48. Kxh4 Nf4 49. Nf2 Nd5 50. b5 Kd4 51. Kg4 Kc4 52. Kf3 Kxb5 53. Ke2 Kc4 54. Kd2 Kb3 55. Kd3 b5 56. Kd4 Nf4 57. Ne4 b4 58. Nc5+ Kc2 59. Kc4 Nd3 60. Nxd3 b3 61. Nb4+ Kc1 62. Kxb3 1/2-1/2

[Event "Titled Tuesday intern op 28th Dec"]
[Site "Chess.com INT"]
[Date "2021.12.28"]
[Round "9"]
[White "Bazarov, Konstantin"]
[Black "Ismayil, Malak"]
[Result "1-0"]
[WhiteElo "2226"]
[BlackElo "2058"]
[PlyCount "103"]
[EventDate "2021.12.28"]
[EventType "swiss (blitz)"]
[EventRounds "11"]
[EventCountry "USA"]
[SourceTitle "CBM 206 Extra"]
[Source "ChessBase"]
[SourceDate "2022.03.31"]
[SourceVersion "1"]
[SourceVersionDate "2022.03.31"]
[SourceQuality "1"]

1. d4 Nf6 2. c4 e6 3. Nf3 Bb4+ 4. Bd2 Qe7 5. g3 O-O 6. Bg2 Nc6 7. O-O Bxd2 8. Qxd2 d6 9. Nc3 e5 10. d5 Nb8 11. e4 a5 12. Ne1 c6 13. Nd3 Na6 14. Rfd1 Rd8 15. Rac1 c5 16. a3 Bd7 17. Rb1 a4 18. Qc2 Nc7 19. f4 b5 20. fxe5 dxe5 21. Nxb5 Nxb5 22. cxb5 Rdc8 23. Qc4 Ne8 24. Rbc1 Nd6 25. Qc3 f6 26. b6 c4 27. Nb4 Rab8 28. Qe3 Nb5 29. Bf1 Nd4 30. Rxc4 Rxc4 31. Bxc4 Rxb6 32. Bf1 Qd6 33. Rc1 h5 34. Qc3 h4 35. Qc7 hxg3 36. hxg3 Kf7 37. Qxd6 Rxd6 38. Rc7 Ke7 39. Kf2 Kd8 40. Ra7 f5 41. Bg2 f4 42. gxf4 Rf6 43. f5 g6 44. Bh3 gxf5 45. exf5 Bxf5 46. Bxf5 Rxf5+ 47. Ke3 Rh5 48. Ke4 Nb3 49. d6 Rh4+ 50. Kxe5 Rh2 51. Nc6+ Kc8 52. d7# 1-0

[Event "Titled Tuesday intern op 28th Dec"]
[Site "Chess.com INT"]
[Date "2021.12.28"]
[Round "9"]
[White "Bortnyk, Olexandr"]
[Black "Kislinsky, Alexey"]
[Result "1-0"]
[WhiteElo "2604"]
[BlackElo "2351"]
[PlyCount "109"]
[EventDate "2021.12.28"]
[EventType "swiss (blitz)"]
[EventRounds "11"]
[EventCountry "USA"]
[SourceTitle "CBM 206 Extra"]
[Source "ChessBase"]
[SourceDate "2022.03.31"]
[SourceVersion "1"]
[SourceVersionDate "2022.03.31"]
[SourceQuality "1"]

1. e4 c5 2. c3 d5 3. exd5 Qxd5 4. d4 Nc6 5. Be3 cxd4 6. cxd4 e5 7. Nc3 Bb4 8. Nf3 exd4 9. Nxd4 Bxc3+ 10. bxc3 Nge7 11. Nb5 O-O 12. Nc7 Qxd1+ 13. Rxd1 Rb8 14. Be2 Bf5 15. O-O Rbd8 16. Nb5 Be6 17. Nxa7 Ra8 18. Nxc6 Nxc6 19. a3 Rfc8 20. Bc5 Ne5 21. Bb4 Bc4 22. Rfe1 Bxe2 23. Rxe2 Nc4 24. h4 Rc7 25. Rde1 h5 26. Re8+ Rxe8 27. Rxe8+ Kh7 28. a4 Nb6 29. a5 Nd5 30. Re5 Nxc3 31. Rxh5+ Kg6 32. Rg5+ Kh6 33. g3 f6 34. Rc5 Rxc5 35. Bxc5 f5 36. Kg2 Ne4 37. Bf8 Kh7 38. Kf3 g5 39. hxg5 Nxg5+ 40. Ke3 Kg6 41. Bb4 Ne4 42. Be1 Kf6 43. Kd4 Ke6 44. Kc4 Kd6 45. Kb5 Kc7 46. Kc4 Kc6 47. Kd4 Kd6 48. f3 Ng5 49. Bb4+ Ke6 50. Kc5 Nxf3 51. Kb6 Nd4 52. Kxb7 Nc2 53. Bc5 Kd5 54. a6 Kxc5 55. a7 1-0

[Event "Titled Tuesday intern op 28th Dec"]
[Site "Chess.com INT"]
[Date "2021.12.28"]
[Round "9"]
[White "Brunner, Nicolas"]
[Black "Maksimovic, Bojan"]
[Result "0-1"]
[WhiteElo "2415"]
[BlackElo "2451"]
[PlyCount "118"]
[EventDate "2021.12.28"]
[EventType "swiss (blitz)"]
[EventRounds "11"]
[EventCountry "USA"]
[SourceTitle "CBM 206 Extra"]
[Source "ChessBase"]
[SourceDate "2022.03.31"]
[SourceVersion "1"]
[SourceVersionDate "2022.03.31"]
[SourceQuality "1"]

1. d4 d6 2. e4 Nf6 3. Nc3 e5 4. Nf3 Nbd7 5. Bc4 Be7 6. O-O O-O 7. a4 c6 8. Re1 a5 9. b3 h6 10. Bb2 Re8 11. Qd2 Qc7 12. Rad1 Nf8 13. h3 Bd7 14. Ba3 Rad8 15. dxe5 dxe5 16. Bxe7 Rxe7 17. Qd6 Qxd6 18. Rxd6 Rde8 19. Red1 Bc8 20. Rd8 N8d7 21. Rxe8+ Rxe8 22. Nd2 Nc5 23. f3 Kf8 24. Nf1 Nfd7 25. Ne3 Nb6 26. Kf2 Ke7 27. h4 Bd7 28. g3 Bc8 29. Ne2 Kf8 30. Nc1 Ne6 31. Bxe6 Bxe6 32. Nd3 Nd7 33. Nb2 Nb6 34. Nd3 Nd7 35. Nb2 b5 36. Ra1 Ra8 37. Nbd1 Nb6 38. axb5 cxb5 39. Nc3 b4 40. Na4 Nxa4 41. Rxa4 Ke7 42. Ke2 Kd6 43. Kd2 Kc5 44. Ra1 Kd4 45. Nd1 g6 46. Nb2 f5 47. exf5 gxf5 48. Nd3 e4 49. fxe4 fxe4 50. Nf4 e3+ 51. Ke1 Bg4 52. Ne2+ Ke4 53. Rd1 Kf3 54. Rd4 h5 55. Rf4+ Kg2 56. Re4 Rc8 57. Rxe3 Rxc2 58. Nf4+ Kh2 59. Rd3 Rb2 0-1

[Event "Titled Tuesday intern op 28th Dec"]
[Site "Chess.com INT"]
[Date "2021.12.28"]
[Round "9"]
[White "Butti, Enrique"]
[Black "Pandey, Srishti"]
[Result "0-1"]
[WhiteElo "2065"]
[BlackElo "2177"]
[PlyCount "86"]
[EventDate "2021.12.28"]
[EventType "swiss (blitz)"]
[EventRounds "11"]
[EventCountry "USA"]
[SourceTitle "CBM 206 Extra"]
[Source "ChessBase"]
[SourceDate "2022.03.31"]
[SourceVersion "1"]
[SourceVersionDate "2022.03.31"]
[SourceQuality "1"]

1. d4 Nf6 2. c4 c5 3. e3 cxd4 4. exd4 d5 5. Nc3 g6 6. Bg5 Bg7 7. Bxf6 Bxf6 8. cxd5 O-O 9. Bc4 Nd7 10. Nge2 Nb6 11. Bb3 a5 12. a3 a4 13. Ba2 Bf5 14. Ng3 Bc8 15. Qd2 Bg7 16. O-O h5 17. h3 h4 18. Nge4 Bf5 19. Rfe1 Rc8 20. Qd3 Qd7 21. Rad1 Rfd8 22. Nc5 Rxc5 23. dxc5 Bxd3 24. Rxd3 Nc8 25. Rde3 Qc7 26. Ne4 b6 27. c6 b5 28. Ng5 Qf4 29. Nf3 Bxb2 30. Re4 Qc7 31. Rb4 Bxa3 32. Rxb5 Nd6 33. Rbb1 Bc5 34. Re2 Nf5 35. Rbe1 a3 36. Ne5 Bd4 37. Nd7 Rxd7 38. cxd7 Qxd7 39. Rd1 Qd6 40. Re4 Bb2 41. Rc4 Kg7 42. Rc6 Qe5 43. d6 exd6 0-1

[Event "Titled Tuesday intern op 28th Dec"]
[Site "Chess.com INT"]
[Date "2021.12.28"]
[Round "9"]
[White "Chernomordik, Pavel"]
[Black "Sailer, Mike L"]
[Result "1-0"]
[WhiteElo "2182"]
[BlackElo "2109"]
[PlyCount "49"]
[EventDate "2021.12.28"]
[EventType "swiss (blitz)"]
[EventRounds "11"]
[EventCountry "USA"]
[SourceTitle "CBM 206 Extra"]
[Source "ChessBase"]
[SourceDate "2022.03.31"]
[SourceVersion "1"]
[SourceVersionDate "2022.03.31"]
[SourceQuality "1"]

1. e4 d5 2. exd5 Qxd5 3. Nc3 Qd6 4. Bc4 Nf6 5. Qe2 c6 6. Nf3 Bg4 7. Bxf7+ Kxf7 8. Ne5+ Ke8 9. Nxg4 Nbd7 10. O-O h5 11. Ne3 g5 12. d3 Ne5 13. Nf5 Qc7 14. Bxg5 Neg4 15. g3 Kf7 16. Rae1 Re8 17. Qe6+ Kg6 18. Bf4 Qb6 19. Nh4+ Kg7 20. h3 Qxb2 21. hxg4 hxg4 22. Be5 Qxc2 23. Bxf6+ exf6 24. Qxe8 Qxc3 25. Qg6# 1-0

[Event "Titled Tuesday intern op 28th Dec"]
[Site "Chess.com INT"]
[Date "2021.12.28"]
[Round "9"]
[White "Chernyavsky, Alexander"]
[Black "Dovbnia, Nikita"]
[Result "0-1"]
[WhiteElo "2327"]
[BlackElo "1944"]
[PlyCount "50"]
[EventDate "2021.12.28"]
[EventType "swiss (blitz)"]
[EventRounds "11"]
[EventCountry "USA"]
[SourceTitle "CBM 206 Extra"]
[Source "ChessBase"]
[SourceDate "2022.03.31"]
[SourceVersion "1"]
[SourceVersionDate "2022.03.31"]
[SourceQuality "1"]

1. c4 e6 2. d4 d5 3. cxd5 exd5 4. Nc3 c6 5. Qc2 g6 6. Bf4 Bf5 7. Qd2 Nf6 8. Be3 Nbd7 9. f3 Bg7 10. g4 Be6 11. Nh3 Qe7 12. Nf4 Nb6 13. b3 O-O 14. g5 Nfd7 15. Nxe6 Qxe6 16. h4 Rae8 17. Nd1 Nc8 18. Bh3 Qe7 19. Rc1 Nd6 20. Bf4 f6 21. gxf6 Nxf6 22. Bg5 Qf7 23. e3 Nh5 24. Rf1 Ng3 25. Rf2 Ngf5 0-1

[Event "Titled Tuesday intern op 28th Dec"]
[Site "Chess.com INT"]
[Date "2021.12.28"]
[Round "9"]
[White "Cramling Bellon, Anna"]
[Black "Migot, Tangi"]
[Result "0-1"]
[WhiteElo "2057"]
[BlackElo "2353"]
[PlyCount "64"]
[EventDate "2021.12.28"]
[EventType "swiss (blitz)"]
[EventRounds "11"]
[EventCountry "USA"]
[SourceTitle "CBM 206 Extra"]
[Source "ChessBase"]
[SourceDate "2022.03.31"]
[SourceVersion "1"]
[SourceVersionDate "2022.03.31"]
[SourceQuality "1"]

1. d4 Nf6 2. c4 g6 3. Nc3 d5 4. cxd5 Nxd5 5. e4 Nxc3 6. bxc3 Bg7 7. Qa4+ Nd7 8. Nf3 O-O 9. Bg5 c5 10. Rd1 Qc7 11. Bd3 cxd4 12. cxd4 Qc3+ 13. Rd2 e5 14. d5 Nc5 15. Qc2 Nxd3+ 16. Qxd3 Qa1+ 17. Rd1 Qxa2 18. O-O Bd7 19. Rb1 b5 20. Rfc1 Rfc8 21. Ra1 Rxc1+ 22. Rxc1 b4 23. h3 a5 24. Rc7 Qa4 25. Rb7 Rc8 26. d6 Qc6 27. Ra7 a4 28. Ra6 Qc4 29. Qxc4 Rxc4 30. Ra8+ Rc8 31. Ra5 b3 32. Rb5 Bxb5 0-1

[Event "Titled Tuesday intern op 28th Dec"]
[Site "Chess.com INT"]
[Date "2021.12.28"]
[Round "9"]
[White "Estrada Nieto, Julian"]
[Black "Nastore, Pavel Alexandru"]
[Result "1-0"]
[WhiteElo "2253"]
[BlackElo "2329"]
[PlyCount "49"]
[EventDate "2021.12.28"]
[EventType "swiss (blitz)"]
[EventRounds "11"]
[EventCountry "USA"]
[SourceTitle "CBM 206 Extra"]
[Source "ChessBase"]
[SourceDate "2022.03.31"]
[SourceVersion "1"]
[SourceVersionDate "2022.03.31"]
[SourceQuality "1"]

1. e4 c5 2. Nf3 d6 3. d4 cxd4 4. Qxd4 Nc6 5. Bb5 a6 6. Bxc6+ bxc6 7. c4 e5 8. Qd3 Be7 9. Nc3 Qc7 10. O-O Nf6 11. b3 O-O 12. Ba3 Rd8 13. Rfd1 Be6 14. h3 h6 15. Qe2 Qb7 16. Qe3 Rac8 17. c5 dxc5 18. Nxe5 Qc7 19. Bxc5 Rxd1+ 20. Rxd1 Nxe4 21. Nxe4 Qxe5 22. Bxe7 Bd5 23. Ng3 Qxe3 24. fxe3 Re8 25. Bc5 1-0

[Event "Titled Tuesday intern op 28th Dec"]
[Site "Chess.com INT"]
[Date "2021.12.28"]
[Round "9"]
[White "Fajdetic, Hrvoje"]
[Black "Martin Carmona, Gaston Manuel"]
[Result "1-0"]
[WhiteElo "2151"]
[BlackElo "2362"]
[PlyCount "111"]
[EventDate "2021.12.28"]
[EventType "swiss (blitz)"]
[EventRounds "11"]
[EventCountry "USA"]
[SourceTitle "CBM 206 Extra"]
[Source "ChessBase"]
[SourceDate "2022.03.31"]
[SourceVersion "1"]
[SourceVersionDate "2022.03.31"]
[SourceQuality "1"]

1. d4 Nf6 2. Bf4 e6 3. e3 Bd6 4. Bg3 b6 5. Be2 Bb7 6. Bf3 Nc6 7. Nd2 Bxg3 8. hxg3 O-O 9. Ne2 d6 10. Nf4 e5 11. Nh5 Rb8 12. c3 exd4 13. cxd4 Re8 14. Nxf6+ Qxf6 15. Qc2 g6 16. Bxc6 Bxc6 17. Qxc6 Qxd4 18. Qc3 Qd5 19. f3 Qg5 20. Kf2 d5 21. Rxh7 Kxh7 22. Rh1+ Qh6 23. Rxh6+ Kxh6 24. b4 Re7 25. b5 Rbe8 26. Nf1 Rd8 27. g4 Kh7 28. Qf6 Red7 29. Ng3 Kg8 30. Ne2 Re8 31. Nd4 Rde7 32. Qf4 Rd7 33. Nc6 Re6 34. Nxa7 c5 35. Nc6 Red6 36. a4 d4 37. exd4 cxd4 38. Ke2 d3+ 39. Kd2 Re6 40. Ne5 Rde7 41. Nxd3 Re2+ 42. Kc3 Rxg2 43. a5 bxa5 44. b6 a4 45. Qf6 Rb7 46. Qd8+ Kg7 47. Nc5 a3 48. Nxb7 a2 49. Qa8 Rf2 50. Nc5 Rxf3+ 51. Kc4 Rf2 52. b7 Rb2 53. Nb3 a1=Q 54. Qxa1 Kg8 55. Qxb2 Kh7 56. Qf6 1-0

[Event "Titled Tuesday intern op 28th Dec"]
[Site "Chess.com INT"]
[Date "2021.12.28"]
[Round "9"]
[White "February, Jesse Nikki"]
[Black "Buker, Muhittin"]
[Result "1-0"]
[WhiteElo "1845"]
[BlackElo "1967"]
[PlyCount "69"]
[EventDate "2021.12.28"]
[EventType "swiss (blitz)"]
[EventRounds "11"]
[EventCountry "USA"]
[SourceTitle "CBM 206 Extra"]
[Source "ChessBase"]
[SourceDate "2022.03.31"]
[SourceVersion "1"]
[SourceVersionDate "2022.03.31"]
[SourceQuality "1"]

1. e4 e6 2. d4 d5 3. Nd2 dxe4 4. Nxe4 Bd7 5. Bd3 Bc6 6. c3 Nd7 7. Nf3 Ngf6 8. Nxf6+ Nxf6 9. O-O Be7 10. h3 Bxf3 11. Qxf3 c6 12. Re1 O-O 13. Bg5 Re8 14. Rad1 Qc7 15. Bb1 Rad8 16. Qd3 g6 17. Qf3 Nd7 18. Bxe7 Rxe7 19. h4 Nf8 20. h5 Red7 21. Qf6 h6 22. hxg6 fxg6 23. Bxg6 Nxg6 24. Qxg6+ Rg7 25. Qxe6+ Qf7 26. Qxf7+ Rxf7 27. Re3 Rdf8 28. f3 Kg7 29. Rde1 Kg6 30. Re6+ Rf6 31. Re7 R8f7 32. Kf2 Rxe7 33. Rxe7 Rf7 34. Rxf7 Kxf7 35. Kg3 1-0

[Event "Titled Tuesday intern op 28th Dec"]
[Site "Chess.com INT"]
[Date "2021.12.28"]
[Round "9"]
[White "Goncharov, Vladimir"]
[Black "Buscar, Michael"]
[Result "1-0"]
[WhiteElo "2077"]
[BlackElo "2088"]
[PlyCount "70"]
[EventDate "2021.12.28"]
[EventType "swiss (blitz)"]
[EventRounds "11"]
[EventCountry "USA"]
[SourceTitle "CBM 206 Extra"]
[Source "ChessBase"]
[SourceDate "2022.03.31"]
[SourceVersion "1"]
[SourceVersionDate "2022.03.31"]
[SourceQuality "1"]

1. e4 e5 2. Nf3 Nf6 3. d4 Nxe4 4. dxe5 d5 5. Bd3 Be7 6. O-O O-O 7. c4 Nc5 8. cxd5 Bg4 9. Bc2 Nbd7 10. Bf4 Nb6 11. Nc3 f6 12. d6 fxe5 13. dxe7 Qxe7 14. Bg3 e4 15. Re1 Qf6 16. Bxe4 Rad8 17. Qc2 Kh8 18. Rad1 Rde8 19. Nd5 Nxd5 20. Bxd5 c6 21. Rxe8 Rxe8 22. Qxc5 cxd5 23. Qxd5 Qxb2 24. h3 Be6 25. Qa5 Qxa2 26. Qxa2 Bxa2 27. Ra1 Re2 28. Be5 a6 29. Rc1 Be6 30. Rc7 Kg8 31. Rxg7+ Kf8 32. Rxb7 Bc4 33. Bd6+ Kg8 34. Nd4 Bb5 35. Nxe2 Bxe2 1-0

[Event "Titled Tuesday intern op 28th Dec"]
[Site "Chess.com INT"]
[Date "2021.12.28"]
[Round "9"]
[White "Gracia Alvarez, Gerardo Antonio"]
[Black "Reprintsev, Alexander"]
[Result "0-1"]
[WhiteElo "2237"]
[BlackElo "2353"]
[PlyCount "52"]
[EventDate "2021.12.28"]
[EventType "swiss (blitz)"]
[EventRounds "11"]
[EventCountry "USA"]
[SourceTitle "CBM 206 Extra"]
[Source "ChessBase"]
[SourceDate "2022.03.31"]
[SourceVersion "1"]
[SourceVersionDate "2022.03.31"]
[SourceQuality "1"]

1. e4 d5 2. exd5 Qxd5 3. Nc3 Qa5 4. Bc4 Nf6 5. d3 Bg4 6. f3 Bd7 7. f4 Nc6 8. Nf3 Bg4 9. h3 Bxf3 10. Qxf3 O-O-O 11. Bxf7 Nd4 12. Qf2 e6 13. Be3 Bc5 14. f5 exf5 15. O-O g6 16. a3 Bb6 17. b4 Qe5 18. Rae1 Nxc2 19. Qxc2 Bxe3+ 20. Kh1 f4 21. Nd1 Nh5 22. Rf3 Rhf8 23. Bc4 Ng3+ 24. Kh2 Nf5 25. Nxe3 fxe3+ 26. Kg1 Nd4 0-1

[Event "Titled Tuesday intern op 28th Dec"]
[Site "Chess.com INT"]
[Date "2021.12.28"]
[Round "9"]
[White "Guliev, Logman"]
[Black "Begunov, Konstantin"]
[Result "0-1"]
[WhiteElo "2260"]
[BlackElo "2325"]
[PlyCount "88"]
[EventDate "2021.12.28"]
[EventType "swiss (blitz)"]
[EventRounds "11"]
[EventCountry "USA"]
[SourceTitle "CBM 206 Extra"]
[Source "ChessBase"]
[SourceDate "2022.03.31"]
[SourceVersion "1"]
[SourceVersionDate "2022.03.31"]
[SourceQuality "1"]

1. e4 c5 2. Nf3 d6 3. d4 cxd4 4. Nxd4 Nf6 5. Nc3 a6 6. f4 e5 7. Nf3 Nbd7 8. Bd3 b5 9. O-O Bb7 10. Kh1 Be7 11. a3 O-O 12. Qe1 Qc7 13. Nh4 exf4 14. Nf5 Ne5 15. Bxf4 Ng6 16. Bg5 Bd8 17. Rd1 Ng4 18. Bxd8 Raxd8 19. Qg3 N4e5 20. Ne2 d5 21. exd5 Bxd5 22. Nf4 Nxd3 23. Rxd3 Be4 24. Rc3 Qb7 25. Ne3 Rd2 26. h4 h6 27. h5 Nxf4 28. Rxf4 Re8 29. Rg4 f5 30. Rc7 Qxc7 31. Qxc7 fxg4 32. Qc3 Re2 33. Qb3+ Kh7 34. Qf7 Rxe3 35. Kh2 g3+ 36. Kh3 Bc6 37. Qf5+ Kh8 38. Qf7 Ba8 39. c4 bxc4 40. Qxc4 Re2 41. Kxg3 Rxg2+ 42. Kf4 Re4+ 43. Qxe4 Bxe4 44. Kxe4 Rxb2 0-1

[Event "Titled Tuesday intern op 28th Dec"]
[Site "Chess.com INT"]
[Date "2021.12.28"]
[Round "9"]
[White "Hjartarson, Johann"]
[Black "Dilmukhametov, Artur"]
[Result "1-0"]
[WhiteElo "2470"]
[BlackElo "2293"]
[PlyCount "75"]
[EventDate "2021.12.28"]
[EventType "swiss (blitz)"]
[EventRounds "11"]
[EventCountry "USA"]
[SourceTitle "CBM 206 Extra"]
[Source "ChessBase"]
[SourceDate "2022.03.31"]
[SourceVersion "1"]
[SourceVersionDate "2022.03.31"]
[SourceQuality "1"]

1. Nf3 Nc6 2. g3 e5 3. d4 exd4 4. Nxd4 Bc5 5. Nb3 Bb6 6. Bg2 d6 7. O-O Nge7 8. Nc3 O-O 9. e4 Ne5 10. h3 f5 11. exf5 Nxf5 12. Kh2 c6 13. f4 Ng6 14. Qd3 d5 15. Bd2 a5 16. Rae1 a4 17. Nc1 a3 18. b4 Bc7 19. Nb3 b6 20. Nxd5 Kh8 21. Nxc7 Qxc7 22. c4 Bb7 23. Bc3 Rad8 24. Qf3 Ba8 25. Rd1 Rxd1 26. Rxd1 c5 27. Qf2 Bxg2 28. Kxg2 Nxg3 29. Qxg3 cxb4 30. Bxb4 Rxf4 31. Bd6 Qb7+ 32. Kg1 Rxc4 33. Bxa3 Rc8 34. Bb2 Rf8 35. Rf1 Rxf1+ 36. Kxf1 Qa6+ 37. Kg1 h6 38. Qxg6 1-0

[Event "Titled Tuesday intern op 28th Dec"]
[Site "Chess.com INT"]
[Date "2021.12.28"]
[Round "9"]
[White "Hollan, Petr"]
[Black "Kowalczyk, Pawel"]
[Result "0-1"]
[WhiteElo "2285"]
[BlackElo "2338"]
[PlyCount "60"]
[EventDate "2021.12.28"]
[EventType "swiss (blitz)"]
[EventRounds "11"]
[EventCountry "USA"]
[SourceTitle "CBM 206 Extra"]
[Source "ChessBase"]
[SourceDate "2022.03.31"]
[SourceVersion "1"]
[SourceVersionDate "2022.03.31"]
[SourceQuality "1"]

1. e4 d5 2. exd5 Nf6 3. b3 Nxd5 4. Bb2 f6 5. Bc4 e5 6. Ne2 Nc6 7. O-O Be6 8. d4 e4 9. Bxd5 Bxd5 10. c4 Bf7 11. d5 Nb4 12. Ng3 Bg6 13. Nxe4 Bxe4 14. Re1 f5 15. f3 Bc5+ 16. Kh1 O-O 17. fxe4 fxe4 18. Rxe4 Nc2 19. Rg4 g6 20. Nd2 Ne3 21. Qe2 Nxg4 22. Qxg4 Qc8 23. Qh4 Qf5 24. h3 Rae8 25. Nf3 Re2 26. Nd4 Qf1+ 27. Rxf1 Rxf1+ 28. Kh2 Bd6+ 29. Qg3 Bxg3+ 30. Kxg3 Rxb2 0-1

[Event "Titled Tuesday intern op 28th Dec"]
[Site "Chess.com INT"]
[Date "2021.12.28"]
[Round "9"]
[White "Kamsky, Gata"]
[Black "Matinian, Nikita"]
[Result "1-0"]
[WhiteElo "2657"]
[BlackElo "2454"]
[PlyCount "89"]
[EventDate "2021.12.28"]
[EventType "swiss (blitz)"]
[EventRounds "11"]
[EventCountry "USA"]
[SourceTitle "CBM 206 Extra"]
[Source "ChessBase"]
[SourceDate "2022.03.31"]
[SourceVersion "1"]
[SourceVersionDate "2022.03.31"]
[SourceQuality "1"]

1. e4 g6 2. d4 Bg7 3. c3 d6 4. Nf3 Nd7 5. Bg5 h6 6. Bh4 g5 7. Bg3 Ngf6 8. Nbd2 e6 9. Bd3 Nh5 10. Nc4 Nxg3 11. hxg3 Qe7 12. Ne3 Rb8 13. a4 a6 14. a5 c5 15. d5 Nf6 16. dxe6 Bxe6 17. O-O O-O 18. Re1 Rfe8 19. Qc2 Rbd8 20. Nd2 Qc7 21. Bc4 Qc6 22. Bxe6 fxe6 23. e5 dxe5 24. Nec4 e4 25. Nxe4 Nxe4 26. Rxe4 Qd5 27. Rae1 Qf5 28. g4 Qf7 29. Qe2 e5 30. g3 Qd5 31. Qc2 Qd3 32. Qxd3 Rxd3 33. Kf1 Rf8 34. Ke2 Rdf3 35. Rf1 R3f7 36. f3 Rc7 37. Rd1 Kh7 38. Rd5 Kg6 39. Ne3 Rfc8 40. Rd6+ Kh7 41. Nf5 c4 42. Rb6 Rf8 43. Nd6 Rf6 44. Rxc4 Rxd6 45. Rxc7 1-0

[Event "Titled Tuesday intern op 28th Dec"]
[Site "Chess.com INT"]
[Date "2021.12.28"]
[Round "9"]
[White "Khabinets, Ivan"]
[Black "Rostovtsev, Dmitry"]
[Result "1-0"]
[WhiteElo "1980"]
[BlackElo "2188"]
[PlyCount "153"]
[EventDate "2021.12.28"]
[EventType "swiss (blitz)"]
[EventRounds "11"]
[EventCountry "USA"]
[SourceTitle "CBM 206 Extra"]
[Source "ChessBase"]
[SourceDate "2022.03.31"]
[SourceVersion "1"]
[SourceVersionDate "2022.03.31"]
[SourceQuality "1"]

1. e4 c5 2. Nf3 d6 3. d4 cxd4 4. Nxd4 Nf6 5. Nc3 Nc6 6. f3 e5 7. Nb3 Be7 8. Be3 O-O 9. Qd2 Be6 10. O-O-O a5 11. Bb5 Na7 12. Bxa7 Rxa7 13. a4 Nd7 14. Kb1 Nb6 15. Qe2 Qc7 16. g3 Rc8 17. f4 exf4 18. gxf4 Bf6 19. Nd5 Nxd5 20. exd5 Bf5 21. Bd3 Bxd3 22. Qxd3 Raa8 23. Rhe1 g6 24. Re4 Kg7 25. c3 Qd7 26. Rde1 Qf5 27. Ka1 Re8 28. Qe2 Rxe4 29. Qxe4 Qxe4 30. Rxe4 h5 31. Kb1 h4 32. h3 b6 33. Nd2 Rh8 34. Nc4 Rh5 35. Nxd6 Kf8 36. Ne8 Be7 37. Nc7 Bd6 38. Nb5 Rxd5 39. c4 Rd3 40. Kc2 Rxh3 41. Nxd6 Rg3 42. f5 gxf5 43. Rxh4 Rg2+ 44. Kc3 Rg3+ 45. Kc2 Rg2+ 46. Kb3 Rf2 47. Rh5 f4 48. Rf5 Rf3+ 49. Ka2 f6 50. Ne4 Ke7 51. Rxf6 Rf1 52. Rf5 f3 53. Ng5 f2 54. Ne4 Re1 55. Nxf2 Rf1 56. Rf4 Kd7 57. Nd3 Rd1 58. Rd4+ Kc7 59. c5 bxc5 60. Rd5 c4 61. Nf4 Rf1 62. Rc5+ Kd6 63. Rxc4 Ke5 64. Nd3+ Kd5 65. Rc5+ Kd4 66. Rc3 Rf3 67. Nc1 Rf1 68. Nb3+ Kd5 69. Nxa5 Rf4 70. Ka3 Rf1 71. Nb3 Rf6 72. a5 Rf1 73. Ka4 Rf8 74. a6 Rb8 75. Ka5 Rf8 76. a7 Ra8 77. Ka6 1-0

[Event "Titled Tuesday intern op 28th Dec"]
[Site "Chess.com INT"]
[Date "2021.12.28"]
[Round "9"]
[White "Khanin, Semen"]
[Black "Holt, Conrad"]
[Result "0-1"]
[WhiteElo "2512"]
[BlackElo "2553"]
[PlyCount "60"]
[EventDate "2021.12.28"]
[EventType "swiss (blitz)"]
[EventRounds "11"]
[EventCountry "USA"]
[SourceTitle "CBM 206 Extra"]
[Source "ChessBase"]
[SourceDate "2022.03.31"]
[SourceVersion "1"]
[SourceVersionDate "2022.03.31"]
[SourceQuality "1"]

1. e4 e6 2. d4 d5 3. e5 c5 4. c3 Nc6 5. Nf3 Bd7 6. Be2 Nge7 7. dxc5 Ng6 8. b4 a5 9. b5 Ncxe5 10. Nxe5 Nxe5 11. Qd4 Ng6 12. Nd2 Qc8 13. Ba3 b6 14. c6 Bxa3 15. Qxg7 Bxc6 16. bxc6 Qxc6 17. Rb1 Ke7 18. h4 Rhg8 19. Qh6 Qxc3 20. Rh3 Qc5 21. Qg5+ f6 22. Qh6 Bb4 23. Qxh7+ Kd6 24. Rd3 Nf4 25. Rf3 Nxg2+ 26. Kf1 Bxd2 27. Rxf6 Raf8 28. Rxf8 Rxf8 29. Kxg2 Rxf2+ 30. Kh1 Bf4 0-1

[Event "Titled Tuesday intern op 28th Dec"]
[Site "Chess.com INT"]
[Date "2021.12.28"]
[Round "9"]
[White "Korchmar, Vasiliy"]
[Black "Coto Mederos, Michel"]
[Result "0-1"]
[WhiteElo "2450"]
[BlackElo "2348"]
[PlyCount "44"]
[EventDate "2021.12.28"]
[EventType "swiss (blitz)"]
[EventRounds "11"]
[EventCountry "USA"]
[SourceTitle "CBM 206 Extra"]
[Source "ChessBase"]
[SourceDate "2022.03.31"]
[SourceVersion "1"]
[SourceVersionDate "2022.03.31"]
[SourceQuality "1"]

1. e4 e5 2. Nf3 Nf6 3. Nc3 Bb4 4. Nxe5 O-O 5. d3 d5 6. Bd2 Re8 7. Nf3 dxe4 8. dxe4 Nxe4 9. Nxe4 Rxe4+ 10. Be2 Bxd2+ 11. Nxd2 Rd4 12. Bd3 Bg4 13. f3 Be6 14. O-O Nc6 15. Qe2 Rh4 16. Ne4 Ne5 17. Rad1 Nxd3 18. Rxd3 Qe7 19. Qf2 Rh5 20. Rfd1 h6 21. a3 Re5 22. Ng3 Rb5 0-1